[Event "Hoogovens op"]
[Site "Wijk aan Zee"]
[Date "1995.01.??"]
[Round "7"]
[White "Hansen, Lars Bo"]
[Black "Adams, Michael"]
[Result "0-1"]
[WhiteElo "2580"]
[BlackElo "2655"]
[Annotator "Ribli,Z"]
[PlyCount "68"]
[EventDate "1995.01.??"]
[EventType "swiss"]
[EventRounds "12"]
[EventCountry "NED"]
[SourceTitle "CBM 046"]
[Source "ChessBase"]
[SourceDate "1995.06.01"]
[SourceVersion "1"]
[SourceVersionDate "1995.06.01"]
[SourceQuality "1"]

1. c4 Nf6 2. Nc3 e5 3. Nf3 Nc6 4. g3 Bc5 5. Bg2 d6 6. O-O O-O 7. d3 h6 8. b3
$146 {Mit dieser Neuerung will Hansen den a3 Zug sparen.} a6 9. e3 Ba7 10. Bb2
Re8 11. h3 $6 {Jetzt gibt Weiss das gesperrte Tempo (spielte a3 nicht)
unverstaendlich zueruck.} (11. Rc1 $5) 11... Be6 12. Kh2 Qd7 13. Rc1 Rad8 14.
d4 $6 {Weiss haette jetzt mit 14.Qe2 warten muessen.} (14. Qe2 $5) 14... exd4
15. exd4 Bf5 {Scwarz hat genuegend Gegenspiel auf der e-Linie.} (15... d5 $2
16. Ne5 $1 $16) 16. a3 (16. d5 Nb4 $13 {>< d3}) 16... Re7 17. b4 (17. d5 Na5 {
>< b3,c4}) 17... Rde8 {Immer noch zu optimistisch. Nach 18.Qd2 steht schon
Schwarz besser, trotzdem haette Hansen so spielen muessen.} 18. b5 $6 Na5 19.
Qa4 b6 {Droht Bd3} 20. Rfd1 Ne4 21. Nd5 Re6 22. Rf1 Ng5 $1 23. Nf4 (23. Nxg5 $6
hxg5 {Mit der Idee Bh3 und Rh6.}) 23... R6e7 24. h4 (24. Nd5 $2 Re2 $19) 24...
Nxf3+ 25. Bxf3 Be4 26. Bxe4 Rxe4 27. Qb4 axb5 28. Qxb5 (28. cxb5 c5 $1 29. Qa4
Rxf4 30. gxf4 Qg4 $44 {Schwarz hat eine sehr gefaehrliche Initiative fuer die
geopferte Qualitaet.}) 28... c6 29. Qa4 Qf5 {Droht Rf4} 30. Nh3 d5 31. Bc3 {[#]
} Rxh4 $1 {Sehr schoen. Schwarz erreicht jetzt forciert einen entscheindenden
Angriff.} 32. gxh4 Bb8+ 33. f4 (33. Kg2 Qg4+ $19) 33... Re3 $1 {Der
Schluesselzug!} 34. Ng1 Bxf4+ {Der junge Englaender spielte diese Partie ruhig
aber sehr kraftvoll. Ribli} 0-1

[Event "EU-chT (Men) 15th"]
[Site "Gothenburg"]
[Date "2005.08.01"]
[Round "3.2"]
[White "Pelletier, Yannick"]
[Black "Kristjansson, Stefan"]
[Result "0-1"]
[WhiteElo "2603"]
[BlackElo "2459"]
[Annotator "Ribli,Z"]
[PlyCount "94"]
[EventDate "2005.07.30"]
[EventType "team-swiss"]
[EventRounds "9"]
[EventCountry "SWE"]
[SourceTitle "CBM 109"]
[Source "ChessBase"]
[SourceDate "2005.11.14"]
[SourceVersion "1"]
[SourceVersionDate "2005.11.14"]
[SourceQuality "1"]
[WhiteTeam "Switzerland"]
[BlackTeam "Iceland"]
[WhiteTeamCountry "SUI"]
[BlackTeamCountry "ISL"]

1. c4 Nf6 2. Nc3 e5 3. Nf3 Nc6 4. g3 Bb4 5. Bg2 O-O 6. O-O e4 7. Ng5 Bxc3 8.
bxc3 Re8 9. f3 exf3 (9... e3 10. d3 $5 d5 11. Qb3 $1) 10. Nxf3 Qe7 (10... d5
11. d4 Ne4 12. Qc2 Bf5 (12... dxc4 13. Rb1 $1 f5 14. g4 $1 $44 {Kasparov,G -
Ivanchuk,V UdSSR (ch) 1988.}) 13. Nh4 Bg6 14. Nxg6 hxg6 15. Rf4 (15. Bf4 f5 16.
cxd5 Qxd5 17. g4 Re7 18. e3 Qc4 19. Rac1 Rae8 20. gxf5 gxf5 21. Kh1 {1/2-1/2
Gretarsson,H-Stefansson,H/Reykjavik ISL 2004/ (63)}) 15... f5 $13 16. g4 $6 (
16. Rb1 $5) 16... Na5 $1 {Schwarz zielt auf das Feld c4.} 17. gxf5 (17. cxd5
Qxd5 18. h4 Qc4 19. gxf5 Nxc3 $36) 17... gxf5 18. Rxf5 Nxc4 $15 {[%csl Gc4,Ge4]
0-1 Solonar,S-Meins,G/Altenkirchen 2005/CBM 106/[Ribli] (29)}) 11. d4 $5 $146 {
Eine interessante Idee statt der traditionellen Fortsetzung 11.e3. Weiß
beschäftigt sich nicht mit der Verteidigung des e2-Bauern, er strebt eine
schnelle Entwicklung an.} (11. e3 $5 {Dieser Zug wurde seinerzeit in der
Partie Smyslov,V - Peev,P Cienfuegos 1973 gespielt. Weiß verteidigt sich
einfach gegen 11...Qxe2.} d6 (11... Ne5 12. Nd4) 12. Rb1 $5 (12. d3 Ne5 13. Nh4
Bg4 14. Qc2 Qd7 $6 15. Bxb7 Rad8 16. Bg2 d5 17. cxd5 Nxd5 18. e4 Nb4 19. cxb4
Qd4+ 20. Kh1 Qxa1 21. Be3 Qxf1+ 22. Bxf1 Rd6 23. Bc5 {1-0 Kosic,D-Bogdanovski,
V/Kladovo 1990/TD (23)}) 12... Rb8 13. d3 Bg4 14. h3 Bh5 15. Qc2 Nd7 16. Nd4
Nxd4 17. cxd4 b6 18. Bc6 Red8 19. Rb5 Bg6 20. Rb3 Qe6 21. Kh2 Nf6 22. e4 {
1-0 Shvedchikov,A-Shuganov,Y/Yalta 1996/EXT 98 (47)}) 11... Qxe2 {Das ist die
konsequente Fortsetzung - Schwarz nimmt die Herausforderung an.} (11... h6) (
11... Ne4) 12. Qxe2 (12. Qa4 $5) 12... Rxe2 13. d5 (13. Bg5 Ne4 14. Rae1 Rxe1
15. Rxe1 f5 16. Bf4 d6 17. Ng5 Nxg5 18. Bxg5 h6) 13... Na5 14. Nd4 {[%cal
Gd4b5,Gb5c7,Rd4e2] Es scheint, dass für Weiß alles in Ordnung ist; Re2 und der
Bauer auf b7 sind gleichermaßen bedroht.} Rxg2+ $5 {[%mdl 512] Die Vernichtung
des weißen Läufes auf g2 durch ein Qualitätsopfer verhilft dem schwarzen
Läufer auf c8 im weiteren Spielverlauf zu wesentlich größerem Aktionsradius.} (
14... Re8 15. Nb5 $16) 15. Kxg2 d6 $44 {[%csl Rc3,Rc4] Schwarz hat nur einen
Bauern für die Qualität, aber seine Bauernstruktur ist gesund, während die
weißen Bauern auf der c-Linie schwach sind.} (15... Nxc4 $5) 16. Bg5 Ng4 {
[%csl Ye5][%cal Gg4e5]} (16... Ne4 17. Rae1 f5 18. Nxf5 Bxf5 19. Rxf5 g6 20.
Re5 $1 (20. Rxe4) 20... dxe5 21. Rxe4 $16) 17. Rae1 $36 {Weiß mobilisiert
seine Figuren und droht mit seinen Türmen auf die 7. oder 8. Reihe
einzudringen. Ich bin nicht sicher, ob Schwarz genügend Kompensation besitzt.}
Bd7 18. c5 (18. Re7 $1 Ne5 19. c5 f6 20. Bf4 Kf8 21. Rxd7 Nxd7 22. Ne6+ Kf7 23.
Nxc7 Rc8 24. Bxd6 (24. cxd6 Nc4) 24... Nc4) 18... f6 (18... dxc5 19. Nb3) 19.
Bf4 (19. Re7 dxc5 20. Rxd7 cxd4) 19... Ne5 20. Bxe5 dxe5 21. Nb3 Nc4 (21...
Nxb3 22. axb3) 22. Re2 (22. Re4 b5 (22... Bb5 23. Rf2) 23. cxb6 Nxb6 24. c4 c6
25. d6 c5) 22... Be8 $1 {[%csl Rd5][%cal Re8f7,Rf7d5] Schwarz möchte den
d5-Bauern mit Bf7 angreifen.} 23. Kf2 $2 (23. Re4 Bf7 24. Rd1 Nb2 (24... b5)
25. Rd2 c6 $132) 23... Bf7 24. Nd2 (24. Rd1 Bh5 $17 {[%cal Rh5d1]}) 24... Bxd5
$15 {[%csl Gd5] Schwarz hat mittlerweile zwei Mehrbauern für die Qualität und
sein Bd5 steht ausgezeichnet.} 25. Rb1 Nxd2 26. Rxd2 Bc6 {[%mdl 4096] Der
Läufer steht ausgezeichnet auf c6: er verteidigt den b7-Bauern und
gleichzeitig verhindert er ein Eindringen auf d7.} 27. Rbd1 Re8 28. Ke3 (28.
Rd8 Kf7 $15) 28... Kf7 29. g4 Ke7 (29... g6 {[%cal Gf6f5]}) 30. Rf2 Ke6 31.
Rfd2 Ke7 32. Rf2 g6 {[%cal Yf6f5] Früher oder später mobilisiert Schwarz seine
Bauernmehrheit am Königsflügel mit f6-f5.} 33. h4 Rf8 34. Rg1 Ke6 35. h5 f5 $17
36. gxf5+ gxf5 {[%csl Gc6,Ge5,Gf5]} 37. c4 (37. Rg7 f4+ 38. Ke2 Rf7 $17 (38...
h6 39. Rxc7 e4 (39... Rf5 $17))) 37... f4+ 38. Ke2 Rf5 39. Rh2 e4 {Das
schwarze Spiel ist nun ganz einfach; er lässt seine verbundenen Freibauern in
Richtung 1. Reihe marschieren. Weiß besitzt keinerlei Gegenspiel.} 40. Rg7 Rxc5
$19 41. Rh4 (41. Rxh7 Rxc4 $19) 41... f3+ 42. Ke3 Rxc4 43. Rf4 Rc3+ 44. Kd2 Ra3
45. Rgf7 e3+ 46. Kc2 Be4+ $1 (46... e2 $19) 47. Kb2 e2 0-1

[Event "Hoogovens op"]
[Site "Wijk aan Zee"]
[Date "1995.01.??"]
[Round "8"]
[White "Timman, Jan H"]
[Black "Tiviakov, Sergei"]
[Result "0-1"]
[WhiteElo "2635"]
[BlackElo "2625"]
[Annotator "Ribli,Z"]
[PlyCount "60"]
[EventDate "1995.01.??"]
[EventType "swiss"]
[EventRounds "12"]
[EventCountry "NED"]
[SourceTitle "CBM 046"]
[Source "ChessBase"]
[SourceDate "1995.06.01"]
[SourceVersion "1"]
[SourceVersionDate "1995.06.01"]
[SourceQuality "1"]

1. c4 e5 2. Nc3 Nf6 3. Nf3 Nc6 4. g3 d5 5. cxd5 Nxd5 6. Bg2 Nb6 7. O-O Be7 8.
Rb1 f6 9. b4 Nxb4 10. d4 Bf5 $1 (10... Nc6 $6 11. dxe5 fxe5 12. Qb3 Bf5 13. Rd1
Qc8 14. Ng5 $40 {Hodgson,JM-Polgar,Zsu/Groningen PCA/1993/CBM39/INF59,49/}) 11.
Rb2 Nc6 12. Nh4 (12. dxe5 Qxd1 13. Rxd1 fxe5 14. Ng5 $13 {Hodgson}) 12... Bd7
13. dxe5 (13. d5 Na5 $1 {Mit der Idee Nac4-d6 und Weiss hat keine ausreichende
Kompensation fuer den geopferten Bauern.}) 13... fxe5 14. Be3 {Zu pruefen ist
14.Nd5.} Bxh4 15. gxh4 Qxh4 {Schwarz nimmt alles was es kann.} 16. Nb5 (16. Nd5
O-O-O $17) 16... Rc8 17. Bxb6 (17. Bxc6 $2 Bxc6 18. Nxa7 Qg4#) 17... axb6 18.
Qd5 Qf6 {Schwarz hat einfach zwei Bauern mehr und man sieht fuer Weiss keine
Kompensa- tion.} 19. Rc1 Rf8 $1 20. e3 Rf7 21. Qe4 g6 22. Rd2 Kf8 23. Nc3 Kg7 {
Die letzten Zuege sicherten den schwarzen Koenig und verhinderten praktisch
alle Gegenspiel.} 24. Nd5 Qf5 25. Qc4 Be6 26. Qc3 Kg8 27. Rcd1 Rcf8 28. a3 Qg4
29. Rf1 Nd4 $1 {Diese huebsche Kombination verkuerzt die Partie.} 30. Kh1 Nf3 {
Ribli} 0-1

[Event "NED-ch53"]
[Site "Rotterdam"]
[Date "1998.06.28"]
[Round "7"]
[White "Van der Sterren, Paul"]
[Black "Ernst, Sipke"]
[Result "1/2-1/2"]
[WhiteElo "2550"]
[BlackElo "2300"]
[Annotator "Ribli,Z"]
[PlyCount "58"]
[EventDate "1998.06.21"]
[EventType "tourn"]
[EventRounds "11"]
[EventCountry "NED"]
[EventCategory "12"]
[SourceTitle "CBM 066"]
[Source "ChessBase"]
[SourceDate "1998.09.30"]
[SourceVersion "1"]
[SourceVersionDate "1998.09.30"]
[SourceQuality "1"]

1. c4 e5 2. Nc3 Nc6 {Nach 3.g3 (und 4.Bg2) kann Schwarz nicht wie in der
Partie die Drachenvariante mit vertauschten Farben spielen. Ribli.} 3. Nf3 Nf6
4. g3 d5 5. cxd5 Nxd5 6. Bg2 Nb6 7. O-O Be7 8. a3 {Weiß bereitet seinen
Bauernsturm am Damenflügel vor.} O-O 9. b4 Be6 10. Rb1 f6 11. d3 (11. Ne1 $5
Qc8 $6 (11... Nd5 $5) 12. Nd3 Bh3 13. Nc5 Bxg2 14. Kxg2 a5 15. d3 axb4 16. axb4
f5 17. Qb3+ Kh8 18. Nb5 Bd6 19. Qe6 $16 {Degerman,L-Gretarsson,H/Stockholm 1996
}) 11... a5 (11... Nd4 $5 12. Be3 Nxf3+ (12... c5 13. Ne4 Nxf3+ 14. Bxf3 cxb4
15. Nc5 Bd5 $1 $146 (15... Bxc5 {- 58/46}) 16. Bxd5+ Qxd5 17. axb4 Rfc8 18. Qd2
Bxc5 19. bxc5 Nd7 $11 {Lautier,J-Portisch,L/Biel 1996}) 13. Bxf3 c6 14. Bc5 $5
$146 Nd5 15. Nxd5 cxd5 16. Qb3 Re8 17. Rfc1 Qd7 18. b5 Bxc5 19. Rxc5 Rac8 20.
Rbc1 e4 21. dxe4 Rxc5 22. Rxc5 dxe4 23. Bg4 Bxb3 24. Bxd7 Re7 25. Bg4 b6 $11 {
Timman,J-Bareev,E/Ubeda 1997}) 12. bxa5 {Meines Erachtens bietet dieser Zug
dem Weißen keine großartigen Aussichten. Ich glaube, die Alternative 12.b5 ist
vielversprechender.} (12. b5 Nd4 13. Nd2 (13. Ne1 Qc8 14. e3 Nf5 15. Na4 (15.
Nf3 Rd8 16. Qc2 a4 17. e4 Nd4 18. Nxd4 Rxd4 19. Rd1 Bb3 20. Rxb3 axb3 21. Qxb3+
Kh8 22. Ne2 Rda4 23. d4 Bxa3 24. dxe5 fxe5 25. Be3 Nc4 {0-1 Gulko,B-Tukmakov,V/
New York PCA-op 1994 (37)}) 15... Rd8 16. Qc2 Nxa4 17. Qxa4 Nd6 18. Bb2 $5 Qd7
19. Bc3 Qe8 $5 20. f4 $5 exf4 21. Rxf4 Kh8 22. Nc2 Qg6 $5 23. Rd1 Bf5 {1/2-1/2
Miezis,N-Gurevich,M/Antwerpen op 1996 (61)}) (13. Nxd4 exd4 14. Na4 Bd5 (14...
Nd5 15. Bb2 c5 16. bxc6 b5 17. Bxd4 bxa4 18. Qxa4 Qd6 {0-1 Voiska,M-Kachiani
Gersinska,K/Azov iztW 1990 (39)}) 15. Nxb6 cxb6 16. a4 Bxg2 17. Kxg2 Qd5+ 18.
Kg1 Rac8 19. Bb2 f5 20. Rc1 Bg5 $6 21. Rc4 Bf6 22. Qb3 {1-0 Psakhis,
L-Rasmussen,B/Canadian Open 1997 (37)}) 13... Bd5 $5 $11) 12... Rxa5 (12...
Nxa5 13. d4 $5 $14 exd4 14. Nxd4) 13. Nd2 {[%csl Gg2][%cal Gg2b7] Der weiße
Springer nähert sich dem Damenflügel.} (13. Nb5 Na7 (13... Qd7 14. Be3 {
[%csl Rb6]} Nd5 (14... Bxa3 15. Nxc7 $16 {[%csl Rb6][%cal Re3b6]}) 15. Bd2 Ra6
16. Qc2 $14) 14. Nxa7 Rxa7 15. Qc2 Qd7 16. Nd2 Nd5 17. Bb2 c6 18. Nb3 Bh3 19.
Nc5 Bxc5 20. Qxc5 Ra4 21. Bxh3 Qxh3 22. Bc1 Rh4 23. gxh4 Qg4+ 24. Kh1 Qxe2 25.
Rg1 {1/2-1/2 San Segundo,P-Gallego,V/Alcobendas op 1993}) 13... Bxa3 $146 (
13... Qc8 14. Nb3 Ra8 15. Be3 Rxa3 16. Nb5 Ra6 17. Bc5 Bd5 18. Bxe7 Nxe7 19.
Nc5 Ra5 20. Bxd5+ Nbxd5 21. e4 b6 22. exd5 bxc5 23. Qb3 Kh8 24. d6 Rxb5 25.
dxe7 Rxb3 26. exf8=Q+ Qxf8 27. Rxb3 h5 28. Rc1 Qd6 29. Rc4 Kh7 30. Rbc3 Kh6 31.
h4 {1/2-1/2 Khasin,A-Nikuljshin,K/RUS-chT 1994 (46)}) 14. Nb3 $14 {[%csl Gb3,
Gc3,Gg2][%cal Rb3a5] Der Springer kommt mit Tempogewinn ins Spiel.} Ra8 (14...
Bxb3 $4 15. Qxb3+ $18 {[%cal Rb3g8]}) 15. Bxa3 Rxa3 16. Nc5 $44 {[%csl Gc5,Gg2]
} Bc8 (16... Rxc3 {[%cal Rc5e6,Re6d8,Re6f8]} 17. Nxe6 $18) 17. Nb5 {[%csl Gb1,
Gb5,Gc5,Gg2][%cal Gg2b7] Weiß übt großen positionellen Druck gegen den
schwarzen Damenflügel aus.} Ra8 18. Nxc7 (18. Qb3+ Rf7) 18... Qxc7 19. Qb3+ Rf7
$1 {Der schwarze Turm ist zwar in der Diagonalen a2-g8 gefesselt, hilft aber
nach Damentausch bei der Verteidigung des Damenflügels.} (19... Kh8 20. Qxb6
Qxb6 21. Rxb6 $16 {[%csl Gb6,Rb7,Gc5,Gg2]}) 20. Qxb6 Ra5 $1 21. Rfc1 {[%csl
Gb1,Gc1]} (21. Bd5 $2 Qxb6 22. Rxb6 Rxc5 23. Bxf7+ Kxf7 $17) 21... Qxb6 22.
Rxb6 Nd4 $11 {[%csl Gd4][%cal Rd4e2,Re2c1,Re2g1,Gf7c7,Gc7c1]} 23. Nb3 (23. Kf1
Rc7 {[%csl Rc5]} 24. Bd5+ (24. Nb3 Rxc1+ 25. Nxc1 Ra1 $19 {[%csl Rc1,Rf1][%cal
Ra1f1]}) 24... Kf8 25. Nd7+ Rxd7 26. Rxc8+ Ke7) 23... Nxe2+ 24. Kf1 Nxc1 25.
Nxa5 Rd7 $15 {[%csl Rb7,Rd3] Schwarz hat einen Mehrbauern. Die Bauernschwächen
(d3 und b7) sind beiderseitig.} 26. Nxb7 Bxb7 27. Bxb7 $5 (27. Rxb7 Rxb7 28.
Bxb7 Nxd3 $15 {Mit präzisem Spiel kann Weiß sicherlich Remis behaupten, aber
Schwarz kann noch endlose Gewinnversuche unternehmen.}) 27... Nxd3 28. Be4 Nc5
$6 (28... Rd8 29. Bxd3 Rxd3 {Theoretisch ist dieses Turmendspiel remis, aber
die Verteidigung ist schwierig und unangenehm für Weiß.}) (28... h6 29. Bg6 {
[%csl Gg6]}) 29. Rb8+ $11 Kf7 {Und es wurde Remis vereinbart. Weiß kann das
materielle Gleichgewicht wiederherstellen.} (29... Kf7 30. Bxh7) 1/2-1/2

[Event "GER-ch"]
[Site "Bad Neuenahr"]
[Date "1991.??.??"]
[Round "10"]
[White "Uhlmann, Wolfgang"]
[Black "Lau, Ralf"]
[Result "1-0"]
[WhiteElo "2510"]
[BlackElo "2485"]
[Annotator "Ribli,Z"]
[PlyCount "113"]
[EventDate "1991.06.??"]
[EventType "tourn"]
[EventRounds "15"]
[EventCountry "GER"]
[EventCategory "7"]
[SourceTitle "CBM 024"]
[Source "ChessBase"]
[SourceDate "1991.10.01"]
[SourceVersion "1"]
[SourceVersionDate "1991.10.01"]
[SourceQuality "1"]

1. c4 e5 2. Nc3 Nf6 3. Nf3 Nc6 4. g3 d5 5. cxd5 Nxd5 6. Bg2 Nb6 7. d3 Be7 8. a3
O-O 9. O-O Be6 10. Be3 f6 (10... Kh8 11. b4 f5 12. Rc1 a6 13. Bc5 Bg8 14. e4 f4
15. Re1 Bd6 16. Bxb6 cxb6 17. Nd5 $13 {Vaganian,R-Petursson,M Reykjavik Summit
1990 CBM/18}) (10... Nd5 11. Bd2 Qd7 12. Rc1 Rad8 13. Ne4 f6 14. Nc5 $14 {
Kharitonov,A-Huebner,R EU-Cup f 1991 CBM/23}) 11. Na4 Qd7 12. Rc1 Rfd8 13. Re1
Nd4 14. Nc5 $1 Bxc5 15. Rxc5 Na4 16. Bxd4 exd4 17. Ra5 $1 Nxb2 18. Qc2 b6 19.
Rh5 Na4 (19... g6 20. Rh4 $1 $18) 20. Nxd4 $1 Qxd4 21. Bxa8 Nc5 (21... Rxa8 22.
Qc6 $18) 22. Rh4 Qd7 23. Bf3 Nb3 24. Bc6 Qf7 25. Qc3 Rd6 26. d4 $2 g5 27. Re4
f5 28. Rxe6 Qxe6 29. d5 Qf7 30. e4 $1 (30. Qxb3 $2 Rxc6 $1) 30... Na5 31. e5
Rd8 32. e6 Qe7 33. Re5 Nxc6 34. Qxc6 Rf8 35. Qc2 f4 36. Rf5 Rxf5 37. Qxf5 fxg3
38. hxg3 b5 39. Qd3 a6 40. Qc3 Qd8 41. Qc6 Kf8 42. Qxa6 Qxd5 43. Qc8+ Ke7 44.
Qxc7+ Kxe6 45. Qxh7 Kf6 46. Qh6+ Kf7 47. Qh5+ Kf6 48. Qe2 Kg7 49. Qc2 Kf6 50.
Kf1 Qe5 51. Qd3 Qb2 52. Kg2 Kg7 53. Qf5 Kh6 54. g4 Qxa3 55. Qf6+ Kh7 56. Qf7+
Kh6 57. Qh5+ 1-0